LEADER 00862nam0-22003131i-450 001 990007892010403321 005 20231205154100.0 010 $a2-911-606-70-1 035 $a000789201 035 $aFED01000789201 035 $a(Aleph)000789201FED01 035 $a000789201 100 $a20040531d2002----km-y0itay50------ba 101 0 $afre 102 $aFR 105 $aa-------001yy 200 1 $aFragments sur l'art antique$fPierre Vidal-Naquet 210 $aParis$cVienot$d2002 215 $a141 p.$cill., col.$d23 cm 610 0 $aArte antica 676 $a709.1$v21$zita 700 1$aVidal-Naquet,$bPierre$f<1930-2006>$025203 801 0$aIT$bUNINA$gRICA$2UNIMARC 901 $aBK 912 $a990007892010403321 952 $a709.01 VIDP 01$bBibl. 47799$fFLFBC 959 $aFLFBC 996 $aFragments sur l'art antique$9668247 997 $aUNINA LEADER 01132nam 2200337 450 001 9910795942103321 005 20240122164153.0 010 $a1-118-10364-5 010 $a1-118-10366-1 010 $a0-470-87354-X 035 $a(CaSebORM)9781118103647 035 $a(MiAaPQ)EBC697945 035 $a(EXLCZ)9924989740900041 100 $a20141031h20112011 uy 0 101 0 $aeng 135 $aur||||||||||| 200 14$aThe ABCs of evaluation $etimeless techniques for program and project managers /$fby John Boulmetis and Phyllis Dutwin 210 1$aSan Francisco :$cJohn Wiley & Sons,$d2011. 215 $a1 online resource (307 pages) 225 1 $aResearch Methods for the Social Sciences ;$v46 320 $aIncludes bibliographical references and index. 410 0$aResearch methods for the social sciences ;$v46. 606 $aManagement$xEvaluation 615 0$aManagement$xEvaluation. 676 $a658.4/032 700 $aBoulmetis$b John$01520932 701 $aDutwin$b Phyllis$01520933 906 $aBOOK 912 $a9910795942103321 996 $aThe ABCs of evaluation$93759764 997 $aUNINA